000 00987nas a2200313 4500
001 BR2014006938
003 BR-BrBNA
005 20231205124717.0
007 ta
008 230509b bl.|||p| |||| 00| 00por d
040 _aBR-BrBNA
_bpor
_cBiblioteca Nacional de Agricultura
041 _a(Pt)
072 _aN10
100 1 _aConceição, M.N. da
100 1 _aAlves, S.P.
100 1 _aTelatin Júnior, A.
100 1 _aSilva, I.J.O.
100 1 _aPiedade, S.M.S.
100 1 _aSavastano Júnior, H.
100 1 _aTonoli, G.
245 1 _aDesempenho de telhas de escória de alto forno e fibras vegetais em protótipos de galpões
650 _aMATERIAL DE CONSTRUÇÃO
650 _aCONSTRUÇÃO RURAL
650 _aTEMPERATURA
650 _aCIMENTO
773 0 _tRevista Brasileira de Engenharia Agrícola e Ambiental (Brazil)
_xISSN 1415-4366
_g(May 2008), V. 12(5) p. 536-539
_wBR2014006938
909 _a202311
_bLúcia
_c55
_dLúcia Elande
942 _2AGRIS
_n0
_cANA
999 _c240502
_d240502